[Event "2024 Summer TNM: 1200-1599"]
[Site "San Francisco"]
[Date "2024.05.28"]
[Round "4.28"]
[White "Le, Thu Anh"]
[Black "Vazquez, Dominic A"]
[Result "1-0"]
[WhiteElo "1280"]
[BlackElo "1251"]
[Annotator "Le,Thu Anh"]
[PlyCount "53"]
[GameId "2050885565888009"]
[EventDate "2024.05.07"]
[EventType "swiss"]
[EventRounds "7"]
[EventCountry "USA"]

1. d4 Nf6 2. c4 g6 3. g3 d5 4. Bg2 Bg7 5. Nf3 O-O 6. O-O c6 7. Nc3 Nbd7 8. Qc2 ({Relevant:} 8. cxd5 Nxd5 9. e4 Nxc3 10. bxc3 c5 11. Bg5 h6 12. Be3 cxd4 13. cxd4 Nb6 14. Rc1 Bd7 15. Qb3 e6 16. Ne5 Ba4 17. Qb4 Be8 18. h4 f6 19. Nd3 Bf7 20. Nc5 Qe7 21. a4 Rab8 22. a5 Nd7 23. Na6 Qxb4 24. Nxb4 Rfc8 25. f4 Bf8 26. Bd2 Rxc1 27. Rxc1 Rd8 28. a6 bxa6 29. Nc6 Re8 30. Ba5 e5 31. Bh3 Nb8 32. fxe5 Nxc6 33. Rxc6 fxe5 34. d5 Rb8 35. d6 Rb1+ 36. Kf2 Rb2+ 37. Ke1 Rb3 {1-0 Tahbaz,A (2425)-Jaiveer,M (2294) Bangalore op 1st 2024 (7)}) 8... Qc7 {Now Black is one development tempo behind.} 9. Bf4 Qd8 {[#]} 10. Ne5 $146 ({Predecessor:} 10. Rfd1 dxc4 11. e4 Nb6 12. a4 a5 13. d5 cxd5 14. Nb5 Nxe4 15. Bc7 Qd7 16. Bxb6 Qc6 17. Bd4 f6 18. Nd2 Bf5 19. Nxe4 dxe4 20. Be3 Rfd8 21. Nd4 Qc8 22. Nxf5 gxf5 23. Rxd8+ Qxd8 24. Qxc4+ Kf8 25. Rc1 b6 26. Qd4 Qb8 27. Qxb6 Qxb6 28. Bxb6 Rb8 29. Bxa5 Rxb2 30. Bc3 Rb3 31. Bf1 Bh6 32. Rc2 e3 33. a5 exf2+ 34. Kxf2 Ra3 35. a6 Bg5 36. Bd4 f4 37. a7 {1-0 De Armentia Roldan,B (1867)-Cortijo Manso,L (1696) Madrid Villaverde op 11th 2009 (5)}) 10... Nxe5 {It might not have been necessary for Black to trade knights here, which gives White Be5.} (10... Nb6 11. c5 Nbd7 {Maneuver-ish, but the position is closed. White's c5 pawn could become a potential target with b6.}) (10... e6) 11. Bxe5 Bf5 $6 12. Qb3 (12. e4 $2 {I considered this move but didn't want to trade into an endgame where White is left with a worse pawn structure. Though it's probably still equal as the pawns could be connected with f4 b3.} Nxe4 13. Nxe4 Bxe5 14. dxe5 dxe4 15. Bxe4 Bxe4 16. Qxe4) 12... dxc4 13. Qxc4 $6 {I missed that Black doesn't have Rb8 because White's DSB is on the diagonal.} (13. Qxb7 Ng4 14. Bxg7 Kxg7 15. Qxc6 Qxd4 16. Rad1 Qe5 17. Qxc4 {White's up a pawn.}) 13... Qd7 14. Rad1 Qe6 (14... Bh3 15. e4) 15. Qxe6 {I originally wanted to avoid the queen trade due to 1) the isolated d4 pawn 2) White has good Q-side activity, but thought that White would lose a tempo. In retrospect, the alternative would probably still be an even game.} (15. Qa4 Bh3 16. e4 Bxg2 17. Kxg2 b5 18. Qc2) 15... Bxe6 16. d5 {White's plan is to trade off the isolated pawn. This move forces a mass simplification. There are at least 5 different ways to trade. Black gets to pick the flavor.} (16. e4 Rfd8 17. d5 cxd5 18. exd5 Bf5) 16... Nxd5 (16... cxd5 17. Nxd5 (17. Bxf6 Bxf6 18. Nxd5 Bxd5 19. Rxd5 Rad8 20. Rfd1 {Opposite-colored bishops.}) 17... Nxd5 (17... Bxd5 18. Bxd5 Nxd5 19. Bxg7 Kxg7 20. Rxd5 {Symmetrical rook endgame.}) 18. Bxg7 Kxg7 19. Bxd5 Bxd5 20. Rxd5 {White gets the active rook.} Rad8 21. Rfd1) (16... Bxd5 17. Bxd5 cxd5 18. Nxd5 Nxd5 19. Bxg7 Rfd8 20. Bh6 {Looks interesting.}) 17. Bxg7 Nxc3 $2 (17... Kxg7 18. Nxd5 (18. Bxd5 cxd5 19. Nxd5 Rad8 {Black is slightly better due to a knight vs. bishop endgame $2}) 18... cxd5 (18... Bxd5 19. Bxd5 cxd5 20. Rxd5) 19. Bxd5 Kf6 20. Bxe6 Kxe6 {Still even, but Black king gets active.}) 18. Bxc3 {The bishop...moves backwards.} Bxa2 19. Rd7 Bc4 20. Rxb7 Bxe2 21. Re1 Bb5 22. Rbxe7 a5 23. Bf1 a4 24. Bxb5 cxb5 25. Bb4 Rfc8 26. Rb7 Rc2 27. Ba3 1-0

[Event "2024 Summer TNM: 1200-1599"]
[Site "San Francisco"]
[Date "2024.05.28"]
[Round "4.29"]
[White "Starr, Albert Martin"]
[Black "Fitzgerald, William"]
[Result "1/2-1/2"]
[WhiteElo "1500"]
[BlackElo "1255"]
[Annotator "Winslow,Elliott"]
[PlyCount "117"]
[GameId "2050885565892106"]
[EventDate "2024.05.07"]
[EventType "swiss"]
[EventRounds "7"]
[EventCountry "USA"]

1. b4 e5 2. Bb2 d6 3. e3 Be6 4. d3 Nf6 5. Nf3 Nbd7 6. Be2 g6 7. O-O Bg7 8. Nbd2 h6 9. c4 c6 10. a4 O-O 11. a5 Qc7 12. a6 {[#]} bxa6 13. Rxa6 Rfb8 14. Bc3 Ne8 15. e4 Rb6 16. Qa1 c5 17. b5 Nb8 18. Rxb6 Qxb6 19. Ba5 Qb7 20. Rb1 Nd7 21. Bd1 Nb6 22. Nb3 Nc7 23. Bc3 Bd7 24. Rb2 {[#]} a6 25. bxa6 Nxa6 26. Ra2 Nb4 27. Rxa8+ Qxa8 28. Ne1 Qxa1 29. Bxa1 f5 30. Na5 fxe4 31. dxe4 Be6 32. Bb3 Kf7 33. f3 g5 34. Kf2 Ke7 35. Ke2 Kd7 {[#]} 36. Nd3 Nxd3 37. Kxd3 Kc7 38. g3 g4 39. f4 h5 40. f5 {[#]} Bf7 (40... Bxf5 $5 41. exf5 e4+ 42. Kxe4 Bxa1 {Black's plus is insignificant.}) 41. Bc3 Bh6 42. Be1 Bc1 43. Bd1 Bh6 44. Be2 Bg5 45. Bf1 Bh6 46. h3 gxh3 47. Bxh3 Bg5 48. Bf1 Nd7 49. Nb3 Nf6 50. Nd2 {[#]} Bxd2 51. Bxd2 Kb6 52. Be2 Ng4 53. Kc3 Nf2 54. Bf3 Ka5 55. Be3 Ng4 56. Bg5 Kb6 57. Kb3 Kc6 58. Bd2 Kb6 59. Be1 1/2-1/2

[Event "2024 Summer TNM: 1200-1599"]
[Site "San Francisco"]
[Date "2024.05.28"]
[Round "4.30"]
[White "Hilliard, Michael R"]
[Black "Cao, Danny Du Uy"]
[Result "1-0"]
[WhiteElo "1400"]
[BlackElo "1302"]
[Annotator "Cao,Danny Du Uy"]
[PlyCount "119"]
[GameId "2050885565896203"]
[EventDate "2024.05.07"]
[EventType "swiss"]
[EventRounds "7"]
[EventCountry "USA"]

1. d4 d5 2. Nf3 Nf6 3. e3 e6 4. Bd3 c5 5. b3 b6 6. Bb2 Bb7 7. Nbd2 Nbd7 8. Ne5 Be7 (8... Nxe5 9. dxe5 Nd7 (9... Ne4)) 9. O-O O-O 10. a3 Rc8 11. Ndf3 Ne4 12. Rc1 cxd4 13. Bxd4 Ndc5 14. Nd2 Nxd3 15. cxd3 Rxc1 16. Qxc1 Nxd2 17. Qxd2 Qd6 18. b4 Rc8 (18... f6) 19. f4 f6 20. Nf3 Qc6 21. Bb2 Qc2 {white 1 hour 36 min... black 1 hour 30 min} 22. Rd1 Qxd2 (22... Ba6) (22... a5 23. Qxc2 Rxc2 24. bxa5 bxa5) 23. Rxd2 Bd6 (23... Ba6) 24. Nd4 Kf7 25. Nb5 Bb8 26. g4 a6 27. Nd4 e5 28. fxe5 Bxe5 (28... fxe5 29. Rf2+ (29. Nf3) (29. Nf5)) 29. Rf2 g6 30. a4 Ke7 {white 1 hour 18 min... black 54 min} 31. Rf1 a5 (31... b5 32. axb5 axb5 33. Nxb5 Ba6) 32. b5 Bxd4 {white 1 hour 13 min ... black 38 min} (32... Rc7 33. Rc1 Rxc1+ 34. Bxc1 Bc8 35. Nc6+ Kd6) 33. Bxd4 Rc2 34. Rxf6 (34. Bxf6+) 34... Ra2 35. Rxb6 Bc8 36. Bc5+ Kf7 {white 1 hour 7 min... black 26 min} 37. Rc6 Bxg4 38. b6 Rb2 39. Rc7+ Ke6 40. b7 d4 41. exd4 (41. e4) 41... Bf3 {white 1 hour 4 min ... black 19 min} 42. Re7+ Kf5 43. Rf7+ Kg4 {white 59 min... black 14 min} 44. Rf6 (44. h3+ Kg3 45. Kf1 Rb1#) 44... Rxb7 45. Kf2 Rb2+ 46. Ke1 Rxh2 (46... Rb1+ 47. Kd2 Rd1+ 48. Ke3 Re1+) (46... Ra2) 47. Ra6 Ra2 (47... Rh1+ 48. Kd2 Rd1+) (47... Rh5 48. Rxa5 Rd5) 48. Rxa5 Be2 49. d5 Bf3 {56 min vs. <5 min} (49... Bxd3 50. d6 Bf5 51. Ra6 (51. Ra7)) 50. d6 Bc6 (50... Ra1+ 51. Kd2 Rd1+ 52. Kc3 Rc1+ 53. Kd4) 51. Ra6 Bd7 (51... Rc2 52. Rxc6) (51... Ra1+) 52. Ra7 Rc2 (52... Ra1+) 53. d4 Rc1+ 54. Kd2 Bf5 55. d7 Bxd7 (55... Rc2+ 56. Ke3 (56. Kd1)) 56. Rxd7 h5 {A blunder with 3 seconds left} (56... Ra1 57. Ra7) 57. Kxc1 h4 58. Rg7 g5 59. Bd6 h3 60. a5 1-0

[Event "2024 Summer TNM: 1200-1599"]
[Site "San Francisco"]
[Date "2024.05.28"]
[Round "4.31"]
[White "Fan, Timmy Qinnuo"]
[Black "Schaezlein, Charlie"]
[Result "0-1"]
[WhiteElo "1184"]
[BlackElo "1305"]
[PlyCount "86"]
[GameId "2050885565896204"]
[EventDate "2024.05.07"]
[EventType "swiss"]
[EventRounds "7"]
[EventCountry "USA"]

1. e4 c5 2. Nf3 Nc6 3. d4 cxd4 4. Nxd4 d6 5. Nc3 Nf6 6. Bc4 Qb6 7. Nxc6 bxc6 8. O-O g6 9. Qd3 Bg7 10. Rb1 Ng4 11. h3 Ne5 12. Qe2 Nxc4 13. Qxc4 Ba6 14. Qa4 Bxf1 15. Nd5 Qb7 16. Kxf1 O-O 17. Qxc6 Rab8 18. Qc4 e6 19. Nc7 Rfc8 20. Qd3 Rxc7 21. Qxd6 Rd7 22. Qg3 Qb5+ 23. Kg1 Rd1+ 24. Kh2 Be5 25. f4 Qf1 26. Qf3 Qh1+ 27. Kg3 Rxc1 28. Rxc1 Qxc1 29. fxe5 Qg5+ 30. Qg4 Qxe5+ 31. Qf4 Qxf4+ 32. Kxf4 Rxb2 33. c4 Rc2 34. a4 Rxc4 35. g4 Rxa4 36. h4 Rb4 37. g5 a5 38. Ke5 a4 39. Kf6 a3 40. Ke7 a2 41. Kf6 a1=Q+ 42. e5 Qa7 43. h5 Rf4# 0-1

[Event "2024 Summer TNM: 1200-1599"]
[Site "San Francisco"]
[Date "2024.05.28"]
[Round "4.32"]
[White "James, Charles"]
[Black "Bala, Ahir"]
[Result "0-1"]
[WhiteElo "1300"]
[BlackElo "1312"]
[Annotator "James,Charles"]
[PlyCount "88"]
[GameId "2050885565900301"]
[EventDate "2024.05.07"]
[EventType "swiss"]
[EventRounds "7"]
[EventCountry "USA"]

1. d4 Nf6 2. c4 e6 3. Nc3 Bb4 4. a3 Bxc3+ 5. bxc3 O-O 6. Bg5 d6 7. e3 Nbd7 8. Bd3 e5 9. Qc2 h6 10. Bh4 g5 11. Bg3 Re8 12. e4 Nf8 13. Nf3 Ng6 14. h3 Nf4 15. Bxf4 gxf4 16. O-O-O c5 17. d5 Qa5 18. Kd2 Bd7 19. Qa2 a6 20. Nh4 b5 21. Nf5 Bxf5 22. exf5 b4 23. cxb4 cxb4 24. Qb3 bxa3+ 25. Qc3 Qxc3+ 26. Kxc3 Reb8 27. Rd2 Nd7 28. f3 Kg7 29. Ra1 Nb6 30. Rxa3 Nc8 31. Rda2 Rb6 32. Ra5 Ne7 33. Be4 Kf6 34. c5 $16 dxc5 35. Rxc5 $6 $11 (35. d6) 35... Nxf5 36. Bxf5 (36. Rc6+) 36... Kxf5 37. Rc6 Rxc6+ 38. dxc6 Ke6 39. Ra5 f6 (39... Kd6 40. Kc4) 40. Kc4 Kd6 41. Rc5 Rc8 42. Kb4 Rxc6 43. Rxc6+ Kxc6 44. Ka5 f5 0-1

[Event "2024 Summer TNM: u1200"]
[Site "San Francisco"]
[Date "2024.05.28"]
[Round "4.34"]
[White "Singer, Andrew"]
[Black "Dolan, Kevin"]
[Result "1-0"]
[WhiteElo "976"]
[BlackElo "1084"]
[PlyCount "55"]
[GameId "2050885565904399"]
[EventDate "2024.05.07"]
[EventType "swiss"]
[EventRounds "7"]
[EventCountry "USA"]

1. e4 c5 2. Nf3 Nc6 3. Bb5 g6 4. Bxc6 bxc6 5. d3 Bg7 6. O-O Qb6 7. Nc3 Bxc3 8. bxc3 d5 9. e5 Ba6 10. Re1 e6 11. Be3 Qa5 12. Qd2 c4 13. Reb1 Ne7 14. Bh6 Nf5 15. Bg5 O-O 16. d4 Rfb8 17. Rb4 c5 18. dxc5 Qxc5 19. Rab1 Qc7 20. Bf6 h6 21. Nd4 Kh7 22. g4 Nxd4 23. cxd4 Rxb4 24. Qxb4 c3 25. Qd6 Qa5 26. Rb8 Rxb8 27. Qxb8 Qb5 28. Qh8# 1-0

[Event "2024 Summer TNM: u1200"]
[Site "San Francisco"]
[Date "2024.05.28"]
[Round "4.35"]
[White "Booth, Kyle Ewart Coventry"]
[Black "Blum, Paul"]
[Result "1-0"]
[WhiteElo "772"]
[BlackElo "1011"]
[Annotator "Booth,Kyle"]
[PlyCount "67"]
[GameId "2050885565908496"]
[EventDate "2024.05.07"]
[EventType "swiss"]
[EventRounds "7"]
[EventCountry "USA"]

1. e4 e5 2. Nf3 f6 3. c3 Nc6 4. Bb5 Bc5 5. d4 Bb6 6. O-O Nge7 7. d5 a6 8. Be2 Na7 9. c4 d6 10. Nc3 O-O 11. Na4 Ba5 12. a3 c6 13. b4 Bc7 14. Nc3 cxd5 15. cxd5 b5 16. Nh4 f5 17. exf5 Nxf5 18. Ne4 {I played this because my opponent was playing very quickly and I thought there were probably fun tactics after black plays ...Nxh4. I wasn't expecting it to be a good move, just fun. Of course I missed Qxh4, so I'm happy he didn't play that.} Nxh4 19. Bg5 Qe8 20. Bxh4 Rf4 {As expected.} 21. Qd3 {I thought for quite a while here and this was the best I could do (winning the rook). I really wanted ...Bh5 to work, but couldn't calculate it out.} Rxh4 22. Nf6+ gxf6 23. Qg3+ Qg6 24. Qxh4 Bb6 25. Kh1 Bb7 26. Rad1 Nc8 27. Bg4 Ne7 28. Be6+ Kg7 29. Qh3 Bd4 30. Rd3 Kf8 31. Rg3 Qc2 32. Qh4 e4 33. Qxh7 f5 34. Qf7# 1-0